| 000 | 00352nam a2200145 a 4500 | ||
|---|---|---|---|
| 008 | 970716s1971||||xx 0 und c | ||
| 040 |
_aSNK _bslo _cSNK _eAACR2 |
||
| 100 | 1 | _aMarx, Karol | |
| 245 | 1 | 0 |
_aMalé ekonomické spisy _bZborník |
| 260 |
_aBratislava _bPravda _c1971 |
||
| 300 | _a387 s. | ||
| 041 | _aslo | ||
| 044 |
_axo _cSK |
||
| 020 | _c13,50 | ||
| 999 |
_c15532 _d15532 |
||